MARC

LEADER 00000nam0a2200000 4500
001 354854
005 20231102010732.0
035 |a (RuTPU)RU\TPU\retro\12113 
090 |a 354854 
100 |a 20200626d1979 km y0rusy50 ca 
101 0 |a rus 
102 |a UA 
105 |a a z 001zy 
200 1 |a Новые гидрохимические способы получения глинозема  |f В. С. Сажин  |g Академия наук Украинской ССР, Институт общей и неорганической химии 
210 |a Киев  |c Наукова думка  |d 1979 
215 |a 208 с.  |c ил. 
320 |a Библиогр.: с. 162-178 
606 1 |a Глинозем  |x Получение  |2 stltpush  |3 (RuTPU)RU\TPU\subj\77001  |9 87697 
606 1 |a Глинозем  |x Спекание  |2 stltpush  |3 (RuTPU)RU\TPU\subj\22132  |9 47000 
610 1 |a гидрохимические процессы 
610 1 |a глиноземное производство 
610 1 |a глиноземное сырье 
610 1 |a глиноземы 
610 1 |a алюмосиликаты 
610 1 |a разложение 
610 1 |a технология 
610 1 |a автоклавное выщелачивание 
610 1 |a кристаллизация 
610 1 |a алюминиевое сырье 
610 1 |a переработка 
610 1 |a упаривание 
675 |a 669.712  |v 4 
675 |a 661.86  |v 4 
700 1 |a Сажин  |b В. С.  |g Виктор Сергеевич 
712 0 2 |a Академия наук Украинской ССР  |b Институт общей и неорганической химии  |c (Киев)  |2 stltpush  |3 (RuTPU)RU\TPU\col\11826  |9 25266 
801 1 |a RU  |b 63413507  |c 20200626 
801 2 |a RU  |b 63413507  |c 20210112  |g RCR 
942 |c BK